[Event "Adelquis Remon Memorial-E"]
[Site "Holguin"]
[Date "2018.12.01"]
[Round "3.2"]
[White "Gonzalez Pina, Evelyn"]
[Black "Garcia Rivero, Andy Anibal"]
[Result "0-1"]
[WhiteElo "1970"]
[BlackElo "2030"]
[PlyCount "90"]
[EventDate "2018.11.30"]
[EventType "tourn"]
[EventRounds "10"]
[EventCountry "CUB"]
[SourceTitle "EXT 2023"]
[Source "ChessBase"]
[SourceDate "2022.10.05"]
[SourceVersion "1"]
[SourceVersionDate "2022.10.05"]
[SourceQuality "1"]

1. e4 c5 2. Nf3 g6 3. d4 cxd4 4. Nxd4 Nc6 5. Nc3 Bg7 6. Be3 Nf6 7. Be2 0-0 8. 0-0 d5 9. exd5 Nxd5 10. Nxd5 Qxd5 11. Nxc6 Qxc6 12. c3 Be6 13. Bf3 Qc7 14. Qa4 a5 15. Rfd1 Be5 16. h3 Rfb8 17. Be2 Bd6 18. Rac1 Rc8 19. Bb5 b6 20. Be2 Rab8 21. c4 Bd7 22. Qc2 Bc6 23. a3 Qb7 24. Bf1 Be4 25. Qd2 Rd8 26. Bf4 e5 27. Bh6 Qe7 28. Qe3 Ba8 29. h4 Bc5 30. Qg3 f6 31. Be3 Kg7 32. Bxc5 bxc5 33. Qc3 a4 34. Rxd8 Rxd8 35. Qa5 Bc6 36. Qb6 Be8 37. Be2 Rd2 38. Bf1 e4 39. Re1 f5 40. Qa5 Qd6 41. Qc3+ Qd4 42. Qxd4+ cxd4 43. Rc1 Rxb2 44. c5 Bc6 45. Bb5 Rxb5 0-1

[Event "Holguin Province-ch sf"]
[Site "Holguin"]
[Date "2018.09.09"]
[Round "4"]
[White "Garcia Rivero, Andy Anibal"]
[Black "Martinez Mulet, Dario Leonel"]
[Result "0-1"]
[WhiteElo "2108"]
[BlackElo "2005"]
[PlyCount "154"]
[EventDate "2018.09.07"]
[EventType "swiss"]
[EventRounds "7"]
[EventCountry "CUB"]
[SourceTitle "EXT 2021"]
[Source "ChessBase"]
[SourceDate "2020.10.23"]
[SourceVersion "1"]
[SourceVersionDate "2020.10.23"]
[SourceQuality "1"]

1. d4 d5 2. c4 c6 3. cxd5 cxd5 4. Nc3 Nf6 5. Bf4 Nc6 6. e3 a6 7. Bd3 Qb6 8. Qd2 Nb4 9. Bb1 e6 10. Nf3 Bd7 11. 0-0 Be7 12. h3 0-0 13. Ne5 Rac8 14. Rc1 Rfd8 15. Qe2 Be8 16. Nd3 h6 17. a3 Nxd3 18. Bxd3 Bd6 19. Bxd6 Qxd6 20. f4 Bc6 21. b4 Ne4 22. Nxe4 dxe4 23. Bc4 Bd5 24. Rc2 Rc7 25. Bxd5 exd5 26. Rac1 Rdc8 27. Qd2 Rc6 28. Rc5 b6 29. R5c3 R8c7 30. R1c2 Qe6 31. Qc1 Rc4 32. Rxc4 dxc4 33. a4 Qc6 34. Qa3 b5 35. axb5 axb5 36. Qa1 Rc8 37. Ra2 c3 38. Rc2 Qc4 39. Qb1 Qd3 40. Kf2 Rc4 41. Qc1 Kh7 42. g4 Kg8 43. h4 Kh7 44. Kg3 g6 45. Kf2 Kg7 46. Kg3 Rxb4 47. Rxc3 Qe2 48. Qc2 Qe1+ 49. Kh3 Rb1 50. Qxe4 Qxc3 51. Qxb1 Qxe3+ 52. Kg2 Qxf4 53. Qd1 Qe4+ 54. Kg3 Qe3+ 55. Kg2 Qe4+ 56. Kg3 Qd5 57. Qd2 Qb3+ 58. Kf4 Qc4 59. Ke5 b4 60. Kd6 b3 61. g5 h5 62. d5 Qc2 63. Qd4+ Kg8 64. Qe5 b2 65. Qe8+ Kg7 66. Qe5+ Kh7 67. Qf6 Kg8 68. Qd8+ Kg7 69. Qf6+ Kg8 70. Qd8+ Kh7 71. Qf6 Qh2+ 72. Kd7 Qh3+ 73. Kd6 Qa3+ 74. Kd7 Qa7+ 75. Ke8 b1Q 76. d6 Qbb8+ 77. Qd8 Qe3+ 0-1

[Event "Adelquis Remon Memorial-G"]
[Site "Holguin"]
[Date "2017.11.04"]
[Round "5.2"]
[White "Perez Marimon, Jorge De Jesus"]
[Black "Garcia Rivero, Andy Anibal"]
[Result "1-0"]
[WhiteElo "2017"]
[BlackElo "1924"]
[PlyCount "81"]
[EventDate "2017.11.02"]
[EventType "tourn"]
[EventRounds "10"]
[EventCountry "CUB"]
[SourceTitle "EXT 2023"]
[Source "ChessBase"]
[SourceDate "2022.10.05"]
[SourceVersion "1"]
[SourceVersionDate "2022.10.05"]
[SourceQuality "1"]

1. e4 c5 2. Nf3 g6 3. d4 cxd4 4. Nxd4 Bg7 5. c4 Nc6 6. Be3 Nh6 7. Nc3 0-0 8. Be2 d6 9. 0-0 f5 10. exf5 gxf5 11. f4 e5 12. Ndb5 Nf7 13. Bh5 Be6 14. Bxf7+ Rxf7 15. Nxd6 Rd7 16. c5 exf4 17. Rxf4 Be5 18. Rf3 Qh4 19. g3 Qg4 20. Rf1 Qg7 21. Qf3 Rf8 22. Kh1 Nb4 23. Rad1 Qg6 24. Bf4 Bg7 25. Nxb7 Bxc3 26. bxc3 Bd5 27. Rxd5 Nxd5 28. Bd6 Rff7 29. Qxd5 Rxb7 30. c6 Rb5 31. Bc5 Rxc5 32. Qxc5 Qe6 33. Rd1 Kg7 34. c7 Qc8 35. Qe5+ Rf6 36. Rd6 Qb7+ 37. Kg1 Qb1+ 38. Kf2 Qc2+ 39. Qe2 Qxc3 40. Qe7+ Rf7 41. Qg5+ 1-0

[Event "Bayamo Cespedes Memorial op"]
[Site "Bayamo"]
[Date "2017.03.04"]
[Round "4.10"]
[White "Garcia Rivero, Andy Anibal"]
[Black "Alvarez Calzadilla, Jose Avelino"]
[Result "0-1"]
[WhiteElo "1908"]
[BlackElo "2079"]
[PlyCount "110"]
[EventDate "2017.03.01"]
[EventType "swiss"]
[EventRounds "9"]
[EventCountry "CUB"]
[SourceTitle "EXT 2023"]
[Source "ChessBase"]
[SourceDate "2022.10.05"]
[SourceVersion "1"]
[SourceVersionDate "2022.10.05"]
[SourceQuality "1"]

1. d4 Nf6 2. Nf3 g6 3. c4 Bg7 4. Nc3 0-0 5. g3 d6 6. Bg2 Nc6 7. 0-0 a6 8. a3 Rb8 9. d5 Na7 10. Be3 c5 11. dxc6 Nxc6 12. Rc1 Qa5 13. Nd4 Qh5 14. h4 Ng4 15. Nxc6 bxc6 16. Bg5 f6 17. Bd2 g5 18. f3 Ne5 19. b4 gxh4 20. g4 Qg6 21. e4 h5 22. gxh5 Qxh5 23. Rf2 Nd3 24. Qf1 Nxc1 25. Qxc1 f5 26. Ne2 e5 27. f4 h3 28. Bh1 Qg6+ 29. Kh2 fxe4 30. Ng3 d5 31. cxd5 cxd5 32. Qc5 Rb5 33. Qc1 Rb6 34. Be3 Rbf6 35. f5 Bxf5 36. Bg5 Rc6 37. Qd2 Be6 38. Re2 Rfc8 39. Be3 Bf6 40. Bc5 Bg5 41. Qe1 Bf4 42. Qf2 Kf7 43. Be3 Qxg3+ 44. Qxg3 Bxg3+ 45. Kxg3 Rc2 46. Re1 R8c3 47. Kh4 Rxa3 48. Bc5 Rxc5 49. bxc5 Rc3 50. Rf1+ Ke7 51. Rg1 Rxc5 52. Kg3 Rc7 53. Ra1 Ra7 54. Ra5 Kd6 55. Kh2 Kc6 0-1

[Event "Pan American-ch U12"]
[Site "Cali"]
[Date "2015.07.01"]
[Round "6"]
[White "Garcia Rivero, Andy Anibal"]
[Black "Astudillo Cuevas, Raziel"]
[Result "1-0"]
[WhiteElo "1862"]
[BlackElo "1425"]
[PlyCount "55"]
[EventDate "2015.06.28"]
[EventType "swiss"]
[EventRounds "9"]
[EventCountry "COL"]
[SourceTitle "EXT 2016"]
[Source "ChessBase"]
[SourceDate "2015.10.08"]
[SourceVersion "1"]
[SourceVersionDate "2015.10.08"]
[SourceQuality "1"]

1. d4 Nf6 2. Bg5 g6 3. Bxf6 exf6 4. e3 Bg7 5. Nf3 0-0 6. Bd3 d6 7. 0-0 Nc6 8. c4 Re8 9. Nc3 Bd7 10. Rc1 f5 11. a3 a6 12. b4 Ne7 13. Qb3 Rb8 14. Rfd1 b5 15. c5 Be6 16. d5 Bc8 17. Bb1 h6 18. a4 Bb7 19. c6 Bc8 20. Nd4 Bxd4 21. Rxd4 bxa4 22. Qxa4 Rb6 23. Bd3 Kg7 24. Qa5 Rb8 25. Bxa6 Ra8 26. b5 Bxa6 27. bxa6 Nc8 28. Ra1 1-0

[Event "Pan American-ch U12"]
[Site "Cali"]
[Date "2015.06.29"]
[Round "2"]
[White "Garcia Rivero, Andy Anibal"]
[Black "Moreira, Fabrizio Roberto Be"]
[Result "1-0"]
[WhiteElo "1862"]
[BlackElo "1516"]
[PlyCount "42"]
[EventDate "2015.06.28"]
[EventType "swiss"]
[EventRounds "9"]
[EventCountry "COL"]
[SourceTitle "EXT 2016"]
[Source "ChessBase"]
[SourceDate "2015.10.08"]
[SourceVersion "1"]
[SourceVersionDate "2015.10.08"]
[SourceQuality "1"]

1. d4 d5 2. Nf3 Nf6 3. e3 Bf5 4. c4 c6 5. Nc3 h6 6. Qb3 b6 7. Ne5 e6 8. Be2 Bd6 9. f4 0-0 10. 0-0 Qc7 11. Bd2 Nbd7 12. Rac1 Ne4 13. Be1 f6 14. Nf3 Qb7 15. Nh4 Bh7 16. cxd5 cxd5 17. Nb5 Rac8 18. Nxd6 Nxd6 19. Bb5 Qb8 20. Qa3 Nc4 21. Bxc4 dxc4 1-0